Responsabilidad penal médica: jurisprudencia, derecho comparado, anexos leyes

Na minha lista:
Detalhes bibliográficos
Autor principal: Henríquez Morales, Christian Eduardo (Author)
Formato: Livro
Idioma:espanhol
Publicado em: Santiago Editorial El Jurista 2017
Edição:2a. ed
Assuntos:
Tags: Adicionar Tag
Sem tags, seja o primeiro a adicionar uma tag!

MARC

LEADER 00000cam a2200000 a 4500
001 UCC0701
003 CL-VaPUC
008 170825e20170000cl |||||||||||||||||spa|d
020 |a 9789563670110 
082 0 4 |a 344.0411  |b HEN  |2 21 
100 |a Henríquez Morales, Christian Eduardo  |e author  |9 594701 
245 1 0 |a Responsabilidad penal médica: jurisprudencia, derecho comparado, anexos leyes 
250 |a 2a. ed 
300 |a 270 p 
942 |c BK 
945 |d 20170825 13:52:00  |a arojas 
260 |a Santiago  |b Editorial El Jurista  |c 2017 
650 0 |a Responsabilidad médica   |9 357519 
650 0 |a Responsabilidad penal  |9 254899 
650 0 |a Jurisprudencia  |9 255952 
650 0 |a Derecho comparado  |9 255664 
651 7 |a CHILE  |2 CL-VaPUC  |9 594702 
583 |a last modification  |c 20170825 13:52:00  |k Rodrigo Vera 
999 |c 369454  |d 369452 
952 |0 0  |1 0  |3 erb  |4 0  |6 344_041100000000000_HEN_2017  |7 0  |8 A  |9 485265  |a BIBDER  |b BIBDER  |i 5419484  |l 5  |o 344.0411 HEN 2017  |p 5419484  |r 2024-07-18  |s 2024-07-18  |w 2019-11-24  |y BK  |z Catalogado en:20170825  |k DER